LEADER 01118nam0-2200325 --450 001 9910312054303321 005 20190319133535.0 010 $a978-88-6812-728-2 020 $aIT$b2017-2149 100 $a20190319d2016----kmuy0itay5050 ba 101 0 $aeng 102 $aIT 105 $a 001yy 200 1 $aDecline of the Soviet Union$eeconomic and political reasons for the dissolution of an empire$econsequences of a new political and economic order$fNeno Gabelia$ga cura di Roberto Pasca di Magliano 210 $aRoma$cNuova cultura$d2016 215 $a141 p.$d24 cm 225 1 $aSviluppo, innovazione e governance$v6 300 $aIn copertina: Fondazione Roma Sapienza 300 $aA pagina IV di copertina: eBook disponibile 610 0 $aUnione Sovietica$a1978-1991 676 $a947.0854$v23$zita 700 1$aGabelia,$bNeno$0762359 702 1$aPasca di Magliano,$bRoberto 801 0$aIT$bUNINA$gREICAT$2UNIMARC 901 $aBK 912 $a9910312054303321 952 $aVI C 1148$b81/2019$fFSPBC 959 $aFSPBC 996 $aDecline of the Soviet Union$91545356 997 $aUNINA LEADER 01845oas 22006853a 450 001 9910145657203321 005 20251106213014.0 011 $a1947-1688 035 $a(OCoLC)316218784 035 $a(CONSER) 2009200953 035 $a(CKB)1000000000714517 035 $a(EXLCZ)991000000000714517 100 $a20090318a20089999 uy a 101 0 $aeng 135 $aur||||||||||| 181 $ctxt$2rdacontent 182 $cc$2rdamedia 183 $acr$2rdacarrier 200 00$aOptometry coding & billing alert 210 $aNaples, FL $cCoding Institute 215 $a1 online resource 300 $aTitle from caption 311 08$a1947-167X 517 1 $aOptometry coding and billing alert 606 $aOptometry$vPeriodicals 606 $aOptometry$xFinance$vPeriodicals 606 $aNosology$vPeriodicals 606 $aDiagnosis related groups$vPeriodicals 606 $aDiagnosis-Related Groups 606 $aOptometry$2fast$3(OCoLC)fst01046944 606 $aNosology$2fast$3(OCoLC)fst01039530 606 $aDiagnosis related groups$2fast$3(OCoLC)fst00892299 608 $aPeriodicals.$2fast 615 0$aOptometry 615 0$aOptometry$xFinance 615 0$aNosology 615 0$aDiagnosis related groups 615 2$aDiagnosis-Related Groups. 615 7$aOptometry. 615 7$aNosology. 615 7$aDiagnosis related groups. 676 $a617 712 02$aCoding Institute, 801 0$bNSD 801 1$bNSD 801 2$bNSD 801 2$bOCLCQ 801 2$bVT2 801 2$bOCLCF 801 2$bCUS 801 2$bOCLCO 801 2$bOCL 801 2$bOCLCA 801 2$bOCLCQ 801 2$bOCLCL 801 2$bOCLCQ 906 $aJOURNAL 912 $a9910145657203321 996 $aOptometry coding & billing alert$92565227 997 $aUNINA